Pozycja Corporate Name
Liczba rekordów, w których użyto hasła: 1
001 - Numer kontrolny
- control field: 41005
003 - Identyfikator numeru kontrolnego
- control field: NUKAT
005 - Data i czas ostatniej modyfikacji
- control field: 20260430122037.0
008 - Dane kontrolne kodowane (40 znaków)
- fixed length control field: 980903n||a|znnaabn |a ana |c
010 ## - Numer kontrolny Biblioteki Kongresu
- numer kontrolny LC: n 98046682
024 7# - OTHER STANDARD IDENTIFIER
- Standard number or code: 137639475
- Source of number or code: viaf
024 7# - OTHER STANDARD IDENTIFIER
- Standard number or code: 0000000110117569
- Source of number or code: isni
024 7# - OTHER STANDARD IDENTIFIER
- Standard number or code: Q5447928
- Source of number or code: wikidata
040 ## - Instytucja sporządzająca rekord
- inst. przygot. dane do rek. khw: WA U/EK
- język haseł przedmiotowych/tezaurus: kaba
- inst. wprow. rek. khw: WA U/EK
- inst. modyf. rek. khw: WR O/EJ
- inst. modyf. rek. khw: WR O/DA
- inst. modyf. rek. khw: TOR U/JSK
- inst. modyf. rek. khw: TOR U/TL
- inst. modyf. rek. khw: KAT U/JP
- inst. modyf. rek. khw: POZN U/MAW
- inst. modyf. rek. khw: WR U/jlk
- inst. modyf. rek. khw: WA U/KSZ
043 ## - Kod obszaru geograficznego
- ISO code: PL
046 ## - Special dates
- Start period: 1982
- End period: 1990
110 2# - Hasło - nazwa ciała zbiorowego
- nazwa ciała zbior. lub geogr. na pocz.: Solidarność Walcząca.
370 ## - Associated place
- Country: Polska.
377 ## - Assoc lang
- Lang code: pol
410 2# - Trop zob. - nazwa ciała zbiorowego
- nazwa ciała zbior. lub geogr. na pocz.: SW.
410 2# - Trop zob. - nazwa ciała zbiorowego
- nazwa ciała zbior. lub geogr. na pocz.: Solidarność Walcząca, Wrocław.
410 2# - Trop zob. - nazwa ciała zbiorowego
- nazwa ciała zbior. lub geogr. na pocz.: Fighting Solidarity.
410 2# - Trop zob. - nazwa ciała zbiorowego
- nazwa ciała zbior. lub geogr. na pocz.: Organizacja Solidarność Walcząca.
410 2# - Trop zob. - nazwa ciała zbiorowego
- nazwa ciała zbior. lub geogr. na pocz.: Solidarność Walcząca, Poznań.
510 2# - Trop zob. też - nazwa ciała zbiorowego
- podpole kontrolne: a
- nazwa ciała zbior. lub geogr. na pocz.: Porozumienie Solidarność Walcząca.
665 ## - Nota historyczna
- nota historyczna: Porozumienie Solidarność Walcząca, skupione wokół Kornela Morawieckiego, powołano 1.07.1982 po rozłamie we wrocławskim Regionalnym Komitecie Strajkowym; w list. 1982 zmiana nazwy na Solidarność Walcząca; zakończyło działalność w 1990. Grupy terenowe SW działały we Wrocławiu, w Trójmieście, Katowicach, Poznaniu, Warszawie i Łodzi.
670 ## - Źródło informacji
- źródło informacji: Zasady ideowe i program Solidarności Walczącej. - Warszawa, 1987.
670 ## - Źródło informacji
- źródło informacji: Encyklopedia Solidarności online, 21.07.2014
- adres internetowy: http://www.encyklopedia-solidarnosci.pl/wiki/index.php?title=Solidarno%C5%9B%C4%87_Walcz%C4%85ca
670 ## - Źródło informacji
- źródło informacji: Wolni i Solidarni : miesięcznik Porozumienia Solidarność Walcząca - Oddział Katowice. - nr 2 (grudz. 1982)
670 ## - Źródło informacji
- źródło informacji: Solidarność Walcząca / Ł. Kamiński [w:] Biuletyn Instytutu Pamięci Narodowej. - 2007 nr 5/6
670 ## - Źródło informacji
- źródło informacji: Powrót : amnestia lipiec '84. - Wrocław, [1984].
- gdzie znaleziono informację: Wyd. (Solidarność Walczaca, Wrocław)
670 ## - Źródło informacji
- źródło informacji: Ideas, Principles and Programme of Fighting Solidarity : (a project) / Kornel Morawiecki. - Gdańsk [etc.], 1987.
- gdzie znaleziono informację: Wyd. (Fighting Solidarity)
670 ## - Źródło informacji
- źródło informacji: Chcesz wolnej Polski? / Organizaja Solidarność Walcząca [i 3 pozostałe]. - Opole, [1990].
670 ## - Źródło informacji
- źródło informacji: Nauczyciel : pismo oświaty niezależnej. - Nr 3(1988).
- gdzie znaleziono informację: (Solidarność Walcząca, Poznań)
670 ## - Źródło informacji
- źródło informacji: Nowe sanktuarium Polaków / Antoni Lewek. - Szczecin, [19]86,
- gdzie znaleziono informację: (Wyd. Solidarności Walczącej)